000 01312nam a22004097a 4500
001 0013156
003 KOHA_MİRAKIL
005 20260207001910.0
007 ta
008 100825b2003 tu |||gr||||#||||1|tur |
020 _a9750601920
040 _aTR-BiSEU
_btur
_cTR-BiSEU
_erda
041 0 _atur
044 _ctu
050 _aPN1999.4
_b.U47 2003
100 1 _aUlutak, Nazmi.
245 1 _aRobert J. Flaherty ve Kuzeyli Nanook/
_cNazmi Ulutak ; Nazmi Ulutak.
264 1 _aEskişehir :
_bAnadolu Üniversitesi
_c2003
300 _aV, 160 sayfa: resimli
336 _ametin
_btxt
_2rdacontent
337 _aaracısız
_bn
_2rdamedia
338 _acilt
_bnc
_2rdacarrier
490 1 _aT.C.
490 1 _aAnadolu Üniversitesi yayınları ;
_vno.1460.
490 1 _aAçıköğretim Fakültesi yayınları ;
_vno.
490 1 _a776.
500 _aKaynakça var.
650 0 _aFlaherty, Robert J., 1884-1951.
_931091
650 0 _aBelgesel filmler.
_931092
650 0 _aEskimolar--Sosyal yaşam ve adetler.
_931093
650 0 _aSinema yapımcı ve yönetmenleri--ABD.
_931094
830 1 _aT.C.
_96297
830 1 _aAnadolu Üniversitesi yayınları ;
_vno.1460.
_97107
830 1 _aAçıköğretim Fakültesi yayınları ;
_vno.
_920146
830 1 _a776.
_931095
942 _2lcc
_cBK
999 _c13123
_d13123